000 00920nac a22002417a 4500
001 BR8708014
003 BR-BrBNA
005 20240105120640.0
008 230509b bl.|||m| |||| 00| 0 por d
040 _aBR-BrBNA
_bpor
_cBiblioteca Nacional de Agricultura
072 _aA50
090 _a0336 BR8708014
110 1 _aCentro de Pesquisa Agropecuaria de Terras Baixas de Clima Temperado, Pelotas, RS (Brasil)
_91554
245 1 _aSoja resultados de pesquisa 1982/83
246 1 _a[Soybeans. Results of research 1982/83]
260 3 _aBrasilia, DF (Brasil):
_bEmpresa Brasileira de Pesquisa Agropecuaria. Depto. de Difusao de Tecnologia,
_c1986.
300 _a130 p.
490 _aDocumentos - Centro de Pesquisa Agropecuaria de Terras Baixas de Clima Temperado (Brazil)
_vno. 13
_x
650 _aSOJA
650 _aPESQUISA AGRICOLA
909 _a202312
_bLúcia Elande
_c55
_dLúcia Elande
942 _2AGRIS
_n0
_cMS
999 _c280676
_d280676